000 00750pam a2200241 a 4500
001 3261417
003 ARRUPE
005 20211004114117.0
008 811102s1982 alua b 001 0 eng
010 _a 81019926
020 _a0891350314 (pbk.)
040 _aDLC
_cDLC
_dDLC
050 0 0 _aBV1488
_b.M35 1982
082 0 0 _a207
_219
100 1 _aMcKenzie, Leon.
_950240
245 1 4 _aThe religious education of adults /
_cLeon McKenzie.
260 _aBirmingham, Ala. :
_bReligious Education Press,
_cc1982.
300 _aix, 256 p. :
_bill. ;
_c20 cm.
504 _aIncludes bibliographical references and index.
650 0 _aChristian education of adults.
906 _a7
_bcbc
_corignew
_d1
_eocip
_f19
_gy-gencatlg
942 _2lcc
_cMONOGRAPH
999 _c130658
_d130658